Cambridge first certificate Reading

Na minha lista:
Detalhes bibliográficos
Autor principal: Paul Roberts
Formato: Livro
Idioma:Undetermined
Publicado em: Cambridge, UK Cambridge Unversity Press 1999
Assuntos:
Tags: Adicionar Tag
Sem tags, seja o primeiro a adicionar uma tag!
Thư viện lưu trữ: Trung tâm Học liệu Trường Đại học Cần Thơ
LEADER 00547nam a2200193Ia 4500
001 CTU_52136
008 210402s9999 xx 000 0 und d
020 |b 170000 
082 |a 808.042 
082 |b R646 
100 |a Paul Roberts 
245 0 |a Cambridge first certificate 
245 0 |b Reading 
260 |a Cambridge, UK 
260 |b Cambridge Unversity Press 
260 |c 1999 
650 |a english language,english language 
650 |x textbooks for foreign speakers,readers 
980 |a Trung tâm Học liệu Trường Đại học Cần Thơ